| 000 | 00632nam a22001817a 4500 | ||
|---|---|---|---|
| 999 |
_c6060 _d6060 |
||
| 003 | GBCCL | ||
| 005 | 20241126110555.0 | ||
| 008 | 180425b ||||| |||| 00| 0 eng d | ||
| 040 | _cgbc | ||
| 082 |
_a820 _bMAR |
||
| 100 |
_aMarlowe, Christopher _910916 |
||
| 245 |
_aEdward the second / _cChristopher Marlowe [edited with a critical introduction, complete paraphrase of the text, notes, explanations of passages, and questions and answers by Ramji Lall] |
||
| 250 | _a3rd ed. | ||
| 260 |
_aNew Delhi: _bRama Brothers, _c1993 |
||
| 300 |
_a272 p.; _c21 cm. |
||
| 650 |
_aEdward - II, King of England _vDrama _910917 |
||
| 942 |
_2ddc _cBK |
||